000
00237nam a22001097a 4500
082
_a
621.3193 STI'E
100
_a
STIERI, E
_9
59195
245
_a
ELECTRICITY
260
_a
NEWYORK
_b
BARNES AND NOBLE
_c
1955
300
_a
405P
942
_c
BK
999
_c
569230
_d
569230